000 00466nam a22001697a 4500
003 CEME
005 20210628205245.0
008 210224b xxu||||| |||| 00| 0 eng d
020 _a81-203-0854-9
040 _c.
082 _a621.381 WOL'S
100 _aWolf, Stanley Smith, R. F. M
_974619
245 _aStudent reference manual for electric instrumentation laboratories
260 _aNEWDELHI
_bPRENTICE HALL
_c1996
300 _aXII, 547P
942 _cBK
_2ddc
999 _c580133
_d580133